000 00447nam a2200145Ia 4500
008 090124s9999 xx 000 0 und d
082 _b403076
245 _a भाऊ असावा तर असा
250 _a1
260 _bदेवळे शंकर रामचंद्र
_c1994
300 _a63
630 _a भाऊ असावा तर असा
730 _a भाऊ असावा तर असा
942 _cBOOK
999 _c199539
_d199539